LIBRARY & INFORMATION CENTRE, KCAET, TAVANUR

ONLINE PUBLIC ACCESS CATALOGUE (OPAC)

Fluid mechanics (Record no. 15518)

MARC details
000 -LEADER
fixed length control field 00337nam a22001457a 4500
003 - CONTROL NUMBER IDENTIFIER
control field OSt
008 - FIXED-LENGTH DATA ELEMENTS--GENERAL INFORMATION
fixed length control field 180830b ||||| |||| 00| 0 eng d
020 ## - INTERNATIONAL STANDARD BOOK NUMBER
ISBN 0075480158
082 ## - DEWEY DECIMAL CLASSIFICATION NUMBER
Classification number 532
Item number STR/FL
100 ## - MAIN ENTRY--AUTHOR NAME
Personal name Streeter, victor L
245 ## - TITLE STATEMENT
Title Fluid mechanics
260 ## - PUBLICATION, DISTRIBUTION, ETC. (IMPRINT)
Place of publication Singapore
Name of publisher McGraw hill
Year of publication 1981
300 ## - PHYSICAL DESCRIPTION
Number of Pages 562
942 ## - ADDED ENTRY ELEMENTS (KOHA)
Koha item type Book Bank scheme for SC students
Holdings
Withdrawn status Lost status Damaged status Home library Current library Shelving location Date acquired Full call number Accession Number Koha item type
      KAUAET KAUAET Scheme 30/08/2018 532 STR/FL 18363 Book Bank scheme for SC students
free website counter